Taylor Swift or Gracie Abrams Songs - Statistics

General Stats
  • This quiz has been taken 114 times
  • The average score is 12 of 13
Answer Stats
Hint Answer % Correct
Close to You Gracie Abrams
99%
Bad Blood Taylor Swift
97%
I Love You, I’m Sorry Gracie Abrams
95%
21 Gracie Abrams
92%
Mess It Up Gracie Abrams
92%
22 Taylor Swift
92%
Stay Stay Stay Taylor Swift
90%
Last Kiss Taylor Swift
90%
The Bottom Gracie Abrams
89%
The Bolter Taylor Swift
88%
Clean Taylor Swift
88%
us Both
86%
Stay Gracie Abrams
75%
No matching quizzes found
Score Distribution
Percent of People with Each Score
Percentile by Number Answered
Your Score History
You have not taken this quiz